Đac Uyn
Thân thế và sự nghiệp của Đác Uyn. Nội dung những khám phá khoa học; Các học thuyết của Đác Uyn
Sparad:
| Huvudupphovsman: | |
|---|---|
| Övriga upphovsmän: | |
| Materialtyp: | Bok |
| Språk: | Vietnamese |
| Publicerad: |
H.
Văn hoá
1979
|
| Ämnen: | |
| Taggar: |
Lägg till en tagg
Inga taggar, Lägg till första taggen!
|
| Thư viện lưu trữ: | Mạng thư viện Đại học Đà Nẵng |
|---|
| LEADER | 01289nam a22003738a 4500 | ||
|---|---|---|---|
| 001 | 000006724 | ||
| 003 | 2884 | ||
| 005 | 20120516150557.0 | ||
| 008 | 110920s1979 b 000 0 vieod | ||
| 020 | |c 10000đ |d 20.100bb | ||
| 041 | 0 | |a vie | |
| 082 | |a 824 |b TR-H | ||
| 084 | |a E.đ | ||
| 100 | 1 | |a Trịnh Bá Hữu | |
| 245 | 1 | 0 | |a Đac Uyn |c Trịnh Bá Hữu, Phạm Thuỷ Ba |
| 260 | |a H. |b Văn hoá |c 1979 | ||
| 300 | |a 367 tr : minh hoạ, ảnh |c 19 cm. | ||
| 500 | |a Thư mục cuối sách | ||
| 520 | |a Thân thế và sự nghiệp của Đác Uyn. Nội dung những khám phá khoa học; Các học thuyết của Đác Uyn | ||
| 653 | |a S.Đac Uyn | ||
| 653 | |a danh nhân khoa học | ||
| 653 | |a Học thuyết Đác Uyn | ||
| 700 | 1 | |a Phạm Thuỷ Ba |e Tác giả | |
| 910 | |a Huỳnh Thị Cẩm Lai |d 20/09/2011 | ||
| OWN | |a LSP | ||
| AVA | |a UDN50 |b LSP |d 824 TR-H |e available |t Error 5001 Not defined in file expand_doc_bib_avail. |f 4 |g 1 |h N |i 0 |k 1 | ||
| 999 | |a From the UDN01 | ||
| AVA | |a UDN50 |b LSP |d 824 TR-H |e available |t Error 5001 Not defined in file expand_doc_bib_avail. |f 4 |g 1 |h N |i 0 |k 1 | ||
| TYP | |a Monograph | ||
| TYP | |a Printed language | ||
| 980 | |a Mạng thư viện Đại học Đà Nẵng | ||